| 000 | 01703 a2200241 4500 | ||
|---|---|---|---|
| 003 | Nust | ||
| 005 | 20230118125846.0 | ||
| 010 | _a 80000173 | ||
| 020 | _a0471059056 : | ||
| 040 | _cNust | ||
| 082 | 0 | 0 | _a658.542,BAR |
| 100 | 1 |
_aBarnes, Ralph Mosser, _9106983 |
|
| 245 | 1 | 0 |
_aMotion and time study : _bdesign and measurement of work / _cRalph M. Barnes. |
| 250 | _a7th ed. | ||
| 260 |
_aNew York : _bWiley, _cc1980. |
||
| 300 |
_axi, 689 p. : _bill. ; _c24 cm. |
||
| 505 | _aProductivity (Page-1) Definition and Scope of Motion and Time Study (Page-6), History of Motion and Time Study (Page-12), The General Problems Solving Process (Page-22), Work Methods Design The Broad View (Page-35), Work Methods Design Developing A Better Methods (Page-50), Process Analysis (Page-61), Operating Analysis (Page-97), Micro motion Study (Page-110), Films Analysis (Page-140), The use of Fundamental Hand Motions (Page-158), Principle of Motion Economy as Related to the use of the Human Body (Page-174), Time Study Time Equipment Making the Time Study (Page-257), Time Study Determining the Rating Factor (Page-287), Time Study Determining Allowances and Time Standers (Page-305), Determining Time Standards from Standard Data and Formulas (Page-336), Job Enlargement (Page-570), Evolution of Measurement Inceptives and Design of Work at Kodak Park (Page-599), Motorola Participative Management Program (Page-608), The Lakeview Plan (Page-625). | ||
| 650 | 0 | _aMotion study. | |
| 650 | 0 | _aTime study. | |
| 856 | 4 | 2 |
_3Publisher description _uhttp://www.loc.gov/catdir/description/wiley033/80000173.html |
| 856 | 4 | 2 |
_3Table of Contents _uhttp://www.loc.gov/catdir/toc/onix03/80000173.html |
| 942 |
_2ddc _cBK |
||
| 999 |
_c184934 _d184934 |
||